000 00665nam a22002177a 4500
003 UA-OsUOA
001 42454
007 ta
008 20061106b un ||||| |||| 00| 0 ukr d
100 _aСюндюков І.
090 _a94(477)
_bС-11
942 _cSA
040 _aUA-OsUOA
_bukr
_cUA-OsUOA
_dUA-OsUOA
245 _a"Правдешньої України син" Славетний козацький літописець і письменник Самійло Величко
300 _aС.8
955 _a0
041 _aukr
080 _a94(477)
773 0 _w42453
650 7 _a9 Географія. Біографії. Історія
_2UDC
999 _c328592
_d328592